000 00224nam a2200121Ia 4500
100 _a#N/A
650 _aComputer/ IT
942 _cBK
654 _aFEDORA 9
245 _aDIGIT JULY 08
260 _b#N/A
546 _aENGLISH
999 _c32483
_d32483